000
00290nam a2200121Ia 4500
008
180117s9999 xx 000 0 und d
100
_a
by Zac Sarian
245
_a
Agri-talk
260
_c
2017
300
_a
25 pages, 2017 April 2
440
_a
Philippine Panorama
650
_a
AGRICULTURE
999
_c
353450
_d
353450